logo

Bir Sreshtho Munshi Abdur Rouf Library
Jhenaidah Cadet College

The Armageddon rag / (Record no. 12797)

MARC details
000 -LEADER
fixed length control field 00811nam a2200277 a 4500
001 - CONTROL NUMBER
control field 12797
003 - CONTROL NUMBER IDENTIFIER
control field BD-JhCC
005 - DATE AND TIME OF LATEST TRANSACTION
control field 20230513104250.0
008 - FIXED-LENGTH DATA ELEMENTS--GENERAL INFORMATION
fixed length control field 230513r20132012enk 000 f eng|d
015 ## - NATIONAL BIBLIOGRAPHY NUMBER
National bibliography number GBB2A4730
Source bnb
020 ## - INTERNATIONAL STANDARD BOOK NUMBER
International Standard Book Number 9780575129559 (pbk.) :
035 ## - SYSTEM CONTROL NUMBER
System control number (BD-JhCC)12797
040 ## - CATALOGING SOURCE
Original cataloging agency StDuBDS
Language of cataloging eng
Transcribing agency StDuBDS
Modifying agency Uk
-- BD-JhCC
042 ## - AUTHENTICATION CODE
Authentication code ukblsr
082 04 - DEWEY DECIMAL CLASSIFICATION NUMBER
Classification number 813.6
Edition number 23
Item number MAR 2013
100 1# - MAIN ENTRY--PERSONAL NAME
Personal name Martin, George R. R.
245 14 - TITLE STATEMENT
Title The Armageddon rag /
Statement of responsibility, etc. George R.R. Martin.
260 ## - PUBLICATION, DISTRIBUTION, ETC.
Place of publication, distribution, etc. London :
Name of publisher, distributor, etc. Gollancz,
Date of publication, distribution, etc. 2013.
300 ## - PHYSICAL DESCRIPTION
Extent 369 pages ;
Dimensions 20 cm.
336 ## - CONTENT TYPE
Content type term text
Source rdacontent
337 ## - MEDIA TYPE
Media type term unmediated
Source rdamedia
338 ## - CARRIER TYPE
Carrier type term volume
Source rdacarrier
500 ## - GENERAL NOTE
General note Originally published: New York: Poseidon, 1983; London: Gollancz, 2012.
500 ## - GENERAL NOTE
General note Formerly CIP.
Institution to which field applies Uk
942 ## - ADDED ENTRY ELEMENTS (KOHA)
Source of classification or shelving scheme Dewey Decimal Classification
Koha item type Books
Holdings
Withdrawn status Lost status Source of classification or shelving scheme Damaged status Not for loan Home library Current library Shelving location Date acquired Cost, normal purchase price Total Checkouts Full call number Barcode Date last seen Date last checked out Copy number Price effective from Koha item type
    Dewey Decimal Classification     JCC Rouf Library JCC Rouf Library General Stacks 05/13/2023 400.00 9 813.6 MAR 2013 17772 11/12/2025 11/05/2025 C-1 05/13/2023 Books

JCC Library | Contacts | JCC Home

Last Update on 23 September 2017
Copyright @ 2017-2020 JCC Rouf Library
Rouf Library, Jhenidah Cadet College (JCC), Bangladesh